Retrouver le titre du Disney #3 - Statistiques

Statistiques générales
  • Ce quiz a été pris 106 fois
  • Le résultat moyen est 4 sur 10
Statistiques - réponses
Mon titre Le bon titre % Correct
Les Incassables Les Indestructibles
94%
Charbonnella Cendrillon
68%
Réciproquement Vice-versa
39%
Pâle-Glace et les nombreuses personnes lilliputiennes Blanche-Neige et les Sept Nains
34%
Le Bombé de Ta-Femme Le Bossu de Notre-Dame
33%
La réapparition de Albahr Le Retour de Jafar
29%
Bête industrie Monstres et cie
27%
Awa : La fable de l'extrémité de l'univers Vaiana : La Légende du bout du monde
26%
Tian Ratatouille
14%
Syllio Dumbo
7%
Aucun quiz correspondant
Distribution des résultats
% des personnes avec chaque résultat
Percentile par nombre de réponses
Votre historique - résultats
Vous n’avez pas pris ce quiz